tous les yokais vaillants (yokai watch 1 et 2) - Statistiques

Statistiques générales
  • Ce quiz a été pris 251 fois
  • Le résultat moyen est 24 sur 41
Statistiques - réponses
Hint Réponse % Correct
Sale gamin (13) Fouétar
88%
Technique ultime de la tronche de cake (40) Shogunyan
85%
01 Woko
84%
FAUT QU'SA BAAAAAAFE (23 Coach Antonic
80%
03 Alfoncéo
79%
IL MANGE GARGAROS !!! (38) DémophagE
77%
02 Pagno
77%
24 Feulion
74%
12 Zerberker
73%
04 Toumou
71%
26 Siro
64%
11 Trépigno
63%
39 Vampéric
63%
06 Samoumouraï
61%
05 Lamlam'mou
60%
37 Scarnage
58%
25 Vibrilion
58%
14 Sumochi
57%
08 Ronimpec
56%
07 Samoussrai
56%
15 Mochimacho
54%
30 Orox
54%
10 Rugis
54%
36 Scarmouche
54%
28 Sabri
53%
35 Scatcheur
52%
21 Amiral
51%
32 B3-NK1
51%
27 Bonneto
51%
29 Padelou
51%
31 Benkei
49%
09 Roupilion
49%
20 Bushidos
48%
19 Heaumer
46%
18 Onigirix
45%
17 Agonigiri
44%
34 Kapunki
42%
33 Sushiyama
40%
41 Hovernyan
39%
16 Sale de bain
39%
22 Bouh
38%
Aucun quiz correspondant
Distribution des résultats
% des personnes avec chaque résultat
Percentile par nombre de réponses
Votre historique - résultats
Vous n’avez pas pris ce quiz